000
00342 a2200169 4500
001
172530
020
_a
85-08-03767-8
040
_c
Magnum
100
_a
França, Mary
240
1
0
_a
Gato com frio
_l
por
245
1
0
_a
Gato com frio
300
_a
16
362
0
_a
1997
440
1
_a
Ática
697
_a
LITERATURA INFANTIL
942
_c
BK
999
_c
172530
_d
172530